Online katalóg knižníc regiónu Turca

Mesačný svit (Record no. 21992)

MARC details
000 -LEADER
fixed length control field 01668cam a2200457 a 4500
001 - CONTROL NUMBER
control field 21992
003 - CONTROL NUMBER IDENTIFIER
control field VRT
005 - DATE AND TIME OF LATEST TRANSACTION
control field 20260317135705.0
008 - FIXED-LENGTH DATA ELEMENTS--GENERAL INFORMATION
fixed length control field 240226s2002 xo gr 000 f slo
015 ## - NATIONAL BIBLIOGRAPHY NUMBER
National bibliography number SNBA2003/04-01224
020 ## - INTERNATIONAL STANDARD BOOK NUMBER
International Standard Book Number 8055104174
035 ## - SYSTEM CONTROL NUMBER
System control number SNK000405205
035 ## - SYSTEM CONTROL NUMBER
System control number urn:nbn:sk:snk-am3j0rr
035 ## - SYSTEM CONTROL NUMBER
System control number 9DDBE747-C57C-43AE-AD18-6507056A0CC1
035 ## - SYSTEM CONTROL NUMBER
System control number urn:nbn:sk:snk-am00ghlz
039 #9 - LEVEL OF BIBLIOGRAPHIC CONTROL AND CODING DETAIL [OBSOLETE]
Level of rules in bibliographic description 202409260930
Level of effort used to assign nonsubject heading access points csnk01
Level of effort used to assign subject headings 202402261700
Level of effort used to assign classification VLOAD
Level of effort used to assign subject headings 202205091503
Level of effort used to assign classification VLOAD
Level of effort used to assign subject headings 202204221208
Level of effort used to assign classification VLOAD
040 ## - CATALOGING SOURCE
Original cataloging agency SNK
Language of cataloging slo
Transcribing agency SNK
Description conventions AACR2
041 1# - LANGUAGE CODE
Language code of text/sound track or separate title slo
Language code of original eng
044 ## - COUNTRY OF PUBLISHING/PRODUCING ENTITY CODE
MARC country code xo
ISO country code SK
072 #7 - SUBJECT CATEGORY CODE
Subject category code 821.111(73)-3
Subject category code subdivision Americká próza
Source konspekt
080 ## - UNIVERSAL DECIMAL CLASSIFICATION NUMBER
Universal Decimal Classification number 821.111 (73)-3
Edition identifier 1997
080 ## - UNIVERSAL DECIMAL CLASSIFICATION NUMBER
Universal Decimal Classification number 821.111(73)-31
Edition identifier 2011
080 ## - UNIVERSAL DECIMAL CLASSIFICATION NUMBER
Universal Decimal Classification number 82-311.4
Edition identifier 2011
100 1# - MAIN ENTRY--PERSONAL NAME
Personal name McKinney, Meagan,
Dates associated with a name 1961-
Relationship aut
240 10 - UNIFORM TITLE
Uniform title Moonlight becomes her
Language of a work Slovensky
245 10 - TITLE STATEMENT
Title Mesačný svit
Statement of responsibility, etc. Meagan McKinneyová ; z anglického originálu Moonlight becomes her ... preložila Miriam Ghaniová
250 ## - EDITION STATEMENT
Edition statement 1. vyd.
260 ## - PUBLICATION, DISTRIBUTION, ETC.
Place of publication, distribution, etc. Bratislava
Name of publisher, distributor, etc. Ikar
Date of publication, distribution, etc. 2002
300 ## - PHYSICAL DESCRIPTION
Extent 285 strán
Dimensions 21 cm
655 #7 - INDEX TERM--GENRE/FORM
Genre/form data or focus term americké romány
Source of term SNKPH
655 #7 - INDEX TERM--GENRE/FORM
Genre/form data or focus term ľúbostné romány
Source of term SNKPH
700 1# - ADDED ENTRY--PERSONAL NAME
Personal name Ghaniová, Miriam
Relationship trl
942 ## - ADDED ENTRY ELEMENTS (KOHA)
Source of classification or shelving scheme Dewey Decimal Classification
Koha item type Krásna literatúra pre dospelých
Suppress in OPAC No
949 ## - LOCAL PROCESSING INFORMATION (OCLC)
6 2889120003
a savukPV 5519
949 ## - LOCAL PROCESSING INFORMATION (OCLC)
6 270001000212909
a svkbbA 107539
b svkbbm 649730
p 649.730
949 ## - LOCAL PROCESSING INFORMATION (OCLC)
6 17A0375571
9 P60, <03>, [BOOK], {603}
a snkSC 110871
b snkKSP 2613/2003
s 6100:20210419
949 ## - LOCAL PROCESSING INFORMATION (OCLC)
6 17A0385403
9 P60, <05>, [BOOK], {605}
a snkSC 110871 D1
b snkKSP 6809/2003
949 ## - LOCAL PROCESSING INFORMATION (OCLC)
6 273K0484467
a svkpoA 183966
b svkpo459132
Holdings
Stav vyradenia Strata Poškodenie Spôsob nadobudnutia Domovská knižnica Aktuálna knižnica Dátum nadobudnutia Total checkouts Čiarový kód exemplára Date last seen Typ exemplára
      Dar Obecná knižnica Turčianska Štiavnička Obecná knižnica Turčianska Štiavnička 17.03.2026   4738000476 17.03.2026 Krásna literatúra pre dospelých
Projekt je podporený Slovenskou asociáciou knižníc
Prevádzkuje Turčianska knižnica Martin 2026